| 000 | 01864cam a22004694i 4500 | ||
|---|---|---|---|
| 003 | PE-LiUPU | ||
| 005 | 20250731172927.0 | ||
| 008 | 170512s1957 r 000 0 spa d | ||
| 035 | _a(Sirsi) a203978 | ||
| 040 | _aPE-LiUPU | ||
| 040 |
_aPE-LiUPU _bspa _cPE-LiUPU _erda |
||
| 049 | _aPRUA | ||
| 082 | 0 | 4 |
_a261.5 _M26 _223 |
| 100 | 1 |
_aMarsh, Frank Lewis, _d1899-1992, _eautor. |
|
| 245 | 1 | 0 |
_aLife, man, and time / _cFrank Lewis Marsh. |
| 264 | 1 |
_aCalifornia : _bPacif Press, _c1957. |
|
| 300 |
_a200 pages ; _c20 centimeters |
||
| 336 |
_atext _2rdacontent |
||
| 337 |
_aunmediated _2rdamedia |
||
| 338 |
_avolume _2rdacarrier |
||
| 504 | _aIndex : pages 197-200. | ||
| 505 | 0 | _aFundamentals -- Historical theories of origins -- The Genesis story of creation -- Age of the earth and its inhabitants -- Though formed of dust, a son of God -- A controversy in nature -- After the flood -- And the earth brought forth plants -- And the earth brought living creatures -- Variation among organisms -- Ancient men -- In conclusion. | |
| 526 | _aSEG42 | ||
| 526 | _aSEG41 | ||
| 526 | _aSEG40 | ||
| 526 | _aSEG39 | ||
| 526 | _aP94 | ||
| 526 | _aP87 | ||
| 526 | _aP86 | ||
| 526 | _aP85 | ||
| 526 | _aP77 | ||
| 526 | _aP76 | ||
| 526 | _aP35 | ||
| 650 | 0 | 4 |
_aReligión y ciencia _xHistoria. |
| 910 |
_ajck _bncf _cncf _d20170512 |
||
| 942 |
_2ddc _cBOOK |
||
| 949 |
_a261.5 M26 _wDEWEY _c1 _i75775 _lCCODEBUL1 _mBUL _p10.00 _r0 _sY _tBOOK _u2017-05-12 _xPOSGRADO _zMA.TEOLOGIA _0DONACION _o.STAFF. Colección Teologia |
||
| 994 |
_aC0 _bPEPRU |
||
| 596 | _a1 | ||
| 999 |
_a261.5 M26 _wDEWEY _c20357 _i75775 _f2021-11-10 _g4 _lCCODEBUL1 _mBUL _p10.00 _r0 _sY _tBOOK _u2017-5-12 _xTEOLOGIA _PP85 _0DONACION _o.STAFF. Colección Teologia _d20357 |
||
| 980 |
_81 _gALBERTO SANCHEZ Responsable de Automatización |
||